000 00626nam a2200253Ia 4500
005 20260121154735.0
008 008 260114s9999 xx 000 0 eng d
020 _a9781003087878
037 _aEBOOK
040 _aCRL
040 _beng
040 _cCRL
041 _2eng
041 _aeng
084 _qCRL
100 _a Thomas C. Patterson
_91010932
245 2 _aA Social History of Anthropology in the United States
260 _bTaylor and Francis
260 _c2021
856 _uhttp://www.taylorfrancis.com/books/9781003087878
942 _cEBOOK
999 _c1577753
_d1577753